000 00533nam a2200181 a 4500
003 DO-SdBNP
005 20220210125008.0
007 ta
008 110719s1929 000 spa d
040 _aDO-SdBNP
_bspa
_cBNPHU
082 _aF-
_bR311
245 0 _aRecuerdo del acto de iniciación de los hermanos Alvaro A. Arvelo G., Henry D. López-penha....
260 _a[Ciudad Trujillo] :
_c[1929?].
_bLogia Cuna de América
300 _a10 p. ;
_c16 cm
590 _aInventariado, 2022 / DG
910 _aDG
942 _2ddc
_cLBS1
999 _c32083
_d32083